Statistics for Name that Cocktail

Click here to take the quiz!

General Stats

  • This quiz has been taken 208 times
  • The average score is 9 of 15

Answer Stats

HintAnswer% Correct
Vodka, Tomato Juice, Worcestershire SauceBloody Mary
95%
Gin or Vodka, VermouthMartini
84%
Rum, Coconut Cream, Pineapple JuicePina Colada
79%
Gin, Tonic WaterGin & Tonic
77%
Tequila, Triple Sec, Lime JuiceMargarita
77%
Vodka, Kahlua, MilkWhite Russian
76%
Champagne, Orange JuiceMimosa
75%
Rum, Club Soda, MintMojito
71%
Whiskey, Sweet Vermouth, BittersManhattan
58%
Whiskey, Club Soda, BittersOld Fashioned
58%
Peach Schnapps, Vodka, Pineapple JuiceSex on the Beach
53%
Whiskey, Lemon JuiceWhiskey Sour
42%
Cognac, Lemon Juice, CointreauSidecar
35%
Rum, Lime Juice, Simple SyrupDaiquiri
31%
Vodka, Tequila, Gin, Rum, Sweet & Sour MixAMF
4%

Score Distribution

Percentile by Number Answered

Percent of People with Each Score

Your Score History

You have not taken this quiz